El juego en la educación / (Record no. 108910)

MARC details
000 -LEADER
campo de control de longitud fija 00612nam a2200205 4500
001 - NÚMERO DE CONTROL
campo de control 108910
003 - IDENTIFICADOR DE NÚMERO DE CONTROL
campo de control ES-MaACL
005 - FECHA Y HORA DE LA ÚLTIMA TRANSACCIÓN
campo de control 20230906184734.0
007 - CAMPO FIJO DE DESCRIPCIÓN FÍSICA--INFORMACIÓN GENERAL
campo de control de longitud fija t|
008 - DATOS DE LONGITUD FIJA--INFORMACIÓN GENERAL
campo de control de longitud fija 061121s1972 sp r ||||1| spa d
100 1# - ENTRADA PRINCIPAL--NOMBRE DE PERSONA
Nombre de persona Moor , Paul.
9 (RLIN) 185577
245 13 - MENCIÓN DEL TÍTULO
Título El juego en la educación /
Mención de responsabilidad, etc. Paul Moor ; versión de Ramón Strack.
260 ## - PUBLICACIÓN, DISTRIBUCIÓN, ETC.
Lugar de publicación, distribución, etc. Barcelona :
Nombre del editor, distribuidor, etc. Herder,
Fecha de publicación, distribución, etc. 1972.
300 ## - DESCRIPCIÓN FÍSICA
Extensión 160 p. ;
Dimensiones 22 cm.
490 1# - MENCIÓN DE SERIE
Mención de serie Biblioteca de psicología ;
Designación de volumen o secuencia 10
700 1# - ENTRADA AGREGADA--NOMBRE PERSONAL
Nombre de persona Strack, Ramón.
9 (RLIN) 108357
830 0# - PUNTO DE ACCESO ADICIONAL DE SERIE-TÍTULO UNIFORME
Título uniforme Biblioteca de psicología ;
Designación de volumen o secuencia 10
9 (RLIN) 180745
852 ## - LOCALIZACIÓN
Ubicación ES-MaACL
Número de control de estantería C-48782
Sublocalización o colección R.84467
Holdings
Estatus retirado Estado de pérdida Estado de daño No para préstamo Biblioteca de origen Biblioteca actual Ubicación en estantería Fecha de adquisición Fuente de adquisición Total de préstamos Signatura topográfica completa Código de barras Visto por última vez Precio de reemplazo Tipo de ítem Koha
        Biblioteca del Ateneo de Madrid Biblioteca del Ateneo de Madrid Depósito 2 17/01/2008     C-48782 1113642 23/02/2023 23/02/2023 Libro impreso